[Event "Hallstahammar op"]
[Site "Hallstahammar"]
[Date "2004.09.11"]
[Round "5"]
[White "Norqvist, Lars"]
[Black "Krzymowski, Albert"]
[Result "1-0"]
[WhiteElo "1830"]
[BlackElo "1475"]
[PlyCount "42"]
[EventDate "2004.09.10"]
[EventType "swiss"]
[EventRounds "8"]
[EventCountry "SWE"]
[SourceTitle "EXT 2005"]
[Source "ChessBase"]
[SourceDate "2004.11.15"]
[SourceVersion "1"]
[SourceVersionDate "2004.11.15"]
[SourceQuality "1"]

1. e4 c5 2. d4 cxd4 3. c3 dxc3 4. Nxc3 a6 5. Bc4 b5 6. Bb3 e6 7. Nf3 Nf6 8. e5 b4 9. exf6 bxc3 10. bxc3 Qxf6 11. 0-0 Qxc3 12. Be3 Bc5 13. Bxc5 Nc6 14. Rc1 Qa5 15. Qd6 Qd8 16. Rfd1 a5 17. Ba4 Bb7 18. Qg3 Qf6 19. Nd4 Rc8 20. Nb5 Rd8 21. Nd6+ Kf8 1-0